00323nam a2200121Ia 4500008004100000100004300041245002700084260004400111300001000155650001200165942000700177999001700184190216s9999||||xx |||||||||||||| ||und|| aFrancis A Jenkis & Harvey E White 0aFundamentals Of Optics bMcgraw-Hill International Editionc1981 a745 p aPhysics cBK c32960d32960